00745nam a2200229Ia 4500003000900000008004100009040001300050040001300063041000800076245001000084250001100094260002900105260000900134300001000143490003000153490000600183600007000189710003700259942000700296999001700303952019500320IT-RoPAU120407s9999 xx 000 0 und d aIT-RoPAU cIT-RoPAU aita aRoma. aMilano aCons. Turistica Italiana c1942 c29 cm aAttraverso l’Italia, 10 v1 a"1°. v. 1941. 237 p. ill. 2°. v. 1942. 236 p. ill." aConsociazione Turistica Italiana cBK c14141d14141 00102ddc406914_27000000000000071aPAULUSbPAULUSd2012-04-11l0o914.27r2012-04-11 00:00:00w2012-04-11yBKzInserito da: Anna In data: 07 agosto 2011 fondo: Via A.Severo 56 Progr:31315